New Mexico State Basketball: Top 10 All-Time Leaders - Statistics

General Stats
  • This quiz has been taken 6 times
    1 since last reset
  • The average score is 17 of 91
Answer Stats
Category # Player Amount % Correct
Three Pointers Made 6 Gordo Castillo 161
100%
Assists 2 Hernst Laroche 552
100%
Steals 2 Hernst Laroche 216
100%
Games 3 Hernst Laroche 135
100%
Points 7 Jonathan Gibson 1,541
100%
Steals 7 Jonathan Gibson 132
100%
Three Pointers Made 2 Jonathan Gibson 259
100%
Games 5 Jonathan Gibson 131
100%
Points Per Game 8 Justin Hawkins 16.8
100%
Blocks T10 Martin Iti 82
100%
Blocks 4 Pascal Siakam 136
100%
Field Goal Percent 2 Pascal Siakam 55.1%
100%
Points Per Game 9 Pascal Siakam 16.6
100%
Points 9 Wendell McKines 1,521
100%
Rebounds 2 Wendell McKines 1,135
100%
Field Goal Percent 9 Wendell McKines 48.7%
100%
Games 7 Wendell McKines 126
100%
Points 2 Albert Slab Jones 1,758
0%
Rebounds 3 Albert Slab Jones 951
0%
Field Goal Percent 3 Albert Slab Jones 54.4%
0%
Field Goal Percent 6 Bill Allen 51.2%
0%
Rebounds 5 Billy Joe Price 824
0%
Assists 9 Billy Keys 310
0%
Assists 10 Brandon Mason 304
0%
Steals 9 Brandon Mason 123
0%
Three Pointers Made 9 Braxton Huggins 133
0%
Rebounds 6 Charles Gosa 788
0%
Steals 8 Charles Gosa 126
0%
Blocks 7 Charles Gosa 116
0%
Field Goal Percent 4 Charles Gosa 53.7%
0%
Points 4 Daniel Mullings 1,677
0%
Assists 7 Daniel Mullings 342
0%
Steals 1 Daniel Mullings 249
0%
Games 6 Daniel Mullings 128
0%
Three Pointers Made 5 Denmark Reid 188
0%
Three Pointers Made 10 Elijah Ingram 127
0%
Points 1 Eric Channing 1,862
0%
Three Pointers Made 1 Eric Channing 283
0%
Games T8 Eric Channing 124
0%
Assists 5 Ernest Patterson 371
0%
Field Goal Percent 10 Ernest Patterson 48.5%
0%
Points 5 George Knighton 1,660
0%
Rebounds 4 George Knighton 866
0%
Field Goal Percent 5 George Knighton 51.5%
0%
Points Per Game 1 George Knighton 22.1
0%
Points Per Game 2 Gilbert Wilburn 20.5
0%
Rebounds 9 Hamidu Rahman 738
0%
Blocks 3 Hamidu Rahman 137
0%
Games T8 Hamidu Rahman 124
0%
Assists 4 Ian Baker 375
0%
Steals 6 Ian Baker 138
0%
Three Pointers Made 4 Ian Baker 200
0%
Points 10 Jahmar Young 1,479
0%
Three Pointers Made 7 Jahmar Young 156
0%
Points Per Game 7 Jahmar Young 17.0
0%
Points Per Game 6 Jaime Pena 17.8
0%
Points 6 James Moore 1,651
0%
Steals 4 James Moore 164
0%
Blocks 1 James Moore 200
0%
Field Goal Percent 1 James Moore 56.4%
0%
Three Pointers Made 3 Jeff McCool 201
0%
Rebounds 10 Jemerrio Jones 737
0%
Points 3 Jimmy Collins 1,734
0%
Points Per Game 3 Jimmy Collins 19.5
0%
Rebounds 7 Johnny McCants 778
0%
Blocks 6 Johnny McCants 133
0%
Games 1 Johnny McCants 147
0%
Blocks 8 Johnny Roberson 98
0%
Field Goal Percent 8 John Williamson 48.9%
0%
Games 4 Jonathon Wilkins 133
0%
Assists 3 Keith Hill 379
0%
Points Per Game 5 Kenny Travis 17.8
0%
Points Per Game 4 Louis Richardson 18.0
0%
Steals 5 Randy Brown 162
0%
Blocks 9 Renaldo Dixon 91
0%
Points 8 Richard Robinson 1,535
0%
Assists 1 Sam Crawford 592
0%
Rebounds 1 Sam Lacey 1,265
0%
Points Per Game 10 Sam Lacey 16.3
0%
Blocks 2 Sim Bhullar 186
0%
Three Pointers Made 8 Sir'Jabari Rice 148
0%
Assists 6 Steve Colter 347
0%
Field Goal Percent 7 Steve Colter 49.3%
0%
Steals 10 Thomas Wyatt 119
0%
Blocks T10 Troy Gillenwater 82
0%
Rebounds 8 Tshilidzi Nephawe 775
0%
Blocks 5 Tshilidzi Nephawe 135
0%
Games 2 Tshilidzi Nephawe 136
0%
Assists 8 William Benjamin 333
0%
Steals 3 William Benjamin 209
0%
Games 10 William Benjamin 123
0%
No matching quizzes found
Score Distribution
Percent of People with Each Score
Percentile by Number Answered
Your Score History
You have not taken this quiz since the last reset